Mystery Taylor Swift Song #122 - Statistics

General Stats
  • This quiz has been taken 258 times
  • The average score is 116 of 192
Answer Stats
Song % Correct
I
95%
a
94%
the
94%
you
93%
love
92%
me?
91%
me
91%
and
89%
to
88%
he
87%
in
87%
So
87%
we
87%
it
86%
my
86%
The Tortured Poets Department
86%
was
86%
your
86%
where
85%
be
84%
for
84%
I'm
84%
on
84%
go?
83%
go
83%
no
82%
of
82%
But
81%
did
81%
that
81%
When
80%
you're
80%
how
79%
not
78%
were
78%
had
77%
long
77%
think
77%
us
77%
it's
76%
London
76%
this
76%
all
74%
by
74%
I'll
74%
Just
74%
like
74%
at
73%
said
73%
if
72%
one
72%
say
72%
there
72%
down
71%
I'd
71%
with
71%
from
70%
So Long, London
69%
as
68%
day
68%
good
68%
have
68%
Oh
68%
You'll
67%
loved
66%
much
66%
up
66%
never
65%
cause
64%
find
64%
free
64%
saw
64%
ship
64%
time
64%
would
64%
off
63%
sad
63%
Every
62%
didn't
61%
going
61%
him
61%
run
61%
someone...
61%
back
60%
tragedy...
60%
tragedy?
60%
isn't
59%
knew
59%
left
59%
mad
59%
mind
59%
out
59%
right
59%
wants
59%
died
58%
altar
57%
grip
57%
knuckle
57%
waiting
57%
abandoned
56%
friends
56%
hell
56%
into
56%
affair
55%
clues?
55%
house
55%
about
54%
days
54%
give
54%
proof
54%
sure
54%
white
54%
away
53%
dying
53%
feels
53%
let
53%
man
53%
place
53%
Two
53%
use
53%
she's
52%
youth
52%
after
51%
air
51%
breath
51%
come
51%
face
51%
kept
51%
mist
51%
scared
51%
things
51%
through
51%
tight
51%
lights
50%
color
49%
getting
49%
gun
49%
hill
49%
Holding
49%
make
49%
pissed
49%
gone
48%
Before
47%
bluest
47%
carrying
47%
drifting
47%
each
47%
fairy
47%
graves
47%
low
47%
odd
47%
stopped
47%
swore
47%
bones
46%
carried
46%
great
46%
rarest
46%
undone
46%
chill
45%
heard
45%
quiet
45%
self
45%
trying
45%
caught
44%
CPR
44%
gods
44%
Heath
44%
spine
44%
Pulled
43%
sacrificed
43%
split
43%
Stitches
43%
tighter
43%
weight
43%
calm
42%
club
42%
resentment
42%
clothes
41%
implode
41%
moment
41%
rift
41%
safe
41%
laugh
39%
opt
39%
Wet
39%
drill
38%
spirit
38%
Thinkin
38%
founded
36%
sun
35%
weary
35%
warm
32%
No matching quizzes found
Score Distribution
Percent of People with Each Score
Percentile by Number Answered
Your Score History
You have not taken this quiz